From beirut to jerusalem. (Record no. 14929)
[ view plain ]
| 000 -LEADER | |
|---|---|
| fixed length control field | 00604nam a2200205 a 4500 |
| 001 - CONTROL NUMBER | |
| control field | ASIN0007360908 |
| 003 - CONTROL NUMBER IDENTIFIER | |
| control field | OSt |
| 005 - DATE AND TIME OF LATEST TRANSACTION | |
| control field | 20170105102907.0 |
| 008 - FIXED-LENGTH DATA ELEMENTS--GENERAL INFORMATION | |
| fixed length control field | 131024s xxu eng d |
| 020 ## - INTERNATIONAL STANDARD BOOK NUMBER | |
| International Standard Book Number | 0007360908 (paperback) |
| 020 ## - INTERNATIONAL STANDARD BOOK NUMBER | |
| International Standard Book Number | 9780007360901 (paperback) |
| 040 ## - CATALOGING SOURCE | |
| Original cataloging agency | a |
| 082 ## - DEWEY DECIMAL CLASSIFICATION NUMBER | |
| Classification number | 956.04 |
| Author Mark | FRI 1995 |
| 100 1# - MAIN ENTRY--PERSONAL NAME | |
| Personal name | Friedman, Thomas |
| 245 10 - TITLE STATEMENT | |
| Title | From beirut to jerusalem. |
| 260 ## - PUBLICATION, DISTRIBUTION, ETC. | |
| Place of publication, distribution, etc. | [S.l.] : |
| Name of publisher, distributor, etc. | HARPER COLLINS PUBLISHERS, |
| Date of publication, distribution, etc. | 1995. |
| 300 ## - PHYSICAL DESCRIPTION | |
| Extent | 1 v. (unpaged) ; |
| Dimensions | 20 cm. |
| 856 40 - ELECTRONIC LOCATION AND ACCESS | |
| Materials specified | Amazon.com |
| Uniform Resource Identifier | <a href="http://www.amazon.com/exec/obidos/ASIN/0007360908/chopaconline-20">http://www.amazon.com/exec/obidos/ASIN/0007360908/chopaconline-20</a> |
| 942 ## - ADDED ENTRY ELEMENTS (KOHA) | |
| Source of classification or shelving scheme | |
| Koha item type | Book |
| Withdrawn status | Lost status | Damaged status | Not for loan | Collection code | Permanent Location | Current Location | Shelving location | Date acquired | Total Checkouts | Full call number | Barcode | Date last seen | Price effective from | Koha item type |
|---|---|---|---|---|---|---|---|---|---|---|---|---|---|---|
| Centre for International Peace & Stability (CIPS) | Centre for International Peace & Stability (CIPS) | General Stacks | 10/02/2013 | 956.04 FRI 1995 | CIPS0002014 | 10/24/2013 | 10/24/2013 | Book |
